000 00208 a2200097 4500
001 2775
100 _aLock, J.B
245 _aA Treatision Elementary
260 _a
_bMacMillan and Co
_c
090 _c2070
_d2070
942 _aNUST-CAE
_cM
_c11892
999 _c237848
_d237848